000 00595cam a22002053a 4500
001 36014
003 PGUSA
005 20140828083756.0
008 110502s2011||||xxu|||||s|||||000 | eng d
040 _aPGUSA
_beng
042 _adc
100 1 _aBird, Isabella L.
_q(Isabella Lucy),
_d1831-1904
245 1 0 _aNotes on Old Edinburgh
_h[electronic resource] /
_cIsabella L. Bird
260 _bProject Gutenberg,
_c2011
506 _aPublic domain in the USA.
516 _aElectronic text
830 0 _aProject Gutenberg
_v36014
856 4 0 _uhttp://www.gutenberg.org/ebooks/36014
942 _cEB
999 _c265269
_d265269